Indian securities market: a review (Record no. 491508)

000 -LEADER
fixed length control field 00435cam a22001217a 4500
008 - FIXED-LENGTH DATA ELEMENTS--GENERAL INFORMATION
fixed length control field 180718b-- xxu||||| |||| 00| 0 eng d
082 ## - DEWEY DECIMAL CLASSIFICATION NUMBER
Classification number T48x54 N213
245 ## - TITLE STATEMENT
Title Indian securities market: a review
Statement of responsibility, etc. by National Stock Exchange of India Limited
260 ## - PUBLICATION, DISTRIBUTION, ETC.
Place of publication, distribution, etc. Mumbai
Name of publisher, distributor, etc. National Stock Exchange of India Limited
Date of publication, distribution, etc. --
500 ## - GENERAL NOTE
General note Library has 1998, 2002
650 ## - SUBJECT ADDED ENTRY--TOPICAL TERM
Topical term or geographic name entry element Stock-exchange - India
700 ## - ADDED ENTRY--PERSONAL NAME
Personal name National Stock Exchange of India Limited
Holdings
Withdrawn status Lost status Damaged status Not for loan Permanent Location Current Location Date acquired Full call number Barcode Date last seen Price effective from Koha item type
        Indian Institute of Public Administration Indian Institute of Public Administration 2018-08-04 T48x54 N213 GR20506 2018-08-04 2018-08-04 GR
        Indian Institute of Public Administration Indian Institute of Public Administration 2018-08-04 T48x54 N213 GG26132 2018-08-04 2018-08-04 GG
        Indian Institute of Public Administration Indian Institute of Public Administration 2018-08-04 T48x54 N213 GG24419 2018-08-04 2018-08-04 GG

Powered by Koha